| 000 | 00524nam a2200169 a 4500 | ||
|---|---|---|---|
| 005 | 20221118063526.0 | ||
| 008 | 991125s1956 mx 000 0 spa u | ||
| 035 | _aUPN01000034412 | ||
| 049 | _aLT | ||
| 050 | 4 |
_aLB1573 M6.4 _bL4.4 |
|
| 100 | 1 |
_aLeón Nogueira, Ernesto _928993 |
|
| 245 | 1 | 0 |
_aLecturas escogidas : _bpara el cuarto año de escuela primaria / _cErnesto León Nogueira. |
| 260 |
_aMéxico : _bAvante, _c1956. |
||
| 300 | _a285 p. | ||
| 650 | 4 |
_aLectura _xEstudio y enseñanza (Elemental) _92805 |
|
| 905 | _aLibro | ||
| 999 |
_c34412 _d34412 |
||